| 000 | 00477nam a2200181 a 4500 | ||
|---|---|---|---|
| 001 | 14289 | ||
| 003 | CO-ViMGA | ||
| 008 | 141112s2004 ck r 000 u spa d | ||
| 040 |
_aCO-ViMGA _bspa _cCO-ViMGA |
||
| 082 | 0 | 4 | _a951.058 D854r |
| 100 | 1 |
_aSung, Dixson _920916 |
|
| 245 | 1 | 0 | _aRepublic of china |
| 260 |
_aNueva York : _bHilit Publishing Company, _c1986 |
||
| 300 | _a519 | ||
| 650 | 1 | 4 |
_aCHINA - ASPECTOS SOCIALES _920917 |
| 650 | 1 | 4 | _aCHINA - HISTORIA |
| 942 |
_2ddc _cBK |
||
| 999 |
_c24983 _d24983 |
||